Quizzes
Events
Quiz Creation
Community
Videos
Private Events
Remove Ads
Sign In
Join for FREE
Feedback
Dark Mode
Quiz Categories
Sports
Geography
Music
Movies
Television
Just For Fun
Miscellaneous
History
Literature
Language
Science
Gaming
Entertainment
Religion
Holiday
For Kids
Quiz Lab
Recent
Popular Today
Quiz Kudos Today
Editor Picks
Curator Picks
Quizzes by...
Day
Popularity
Type
Ratings
Length
Year
Community
Subscriptions
Recent Discussions
Orange Saloon
Badges
Playlists
Quests
Create
Leaderboards
Showdown
Live 5
Trivia Bingo
Activity
Puzzle Library
Sporcle Events
Private Events
Virtual Trivia
Globe League
Become a Host
Pub Owners
SporcleCon
Opinionation
Our Games
Videos
Blog
Mobile Apps
Partnerships
Remove Ads and Go Orange
Feedback
Geography
Country
Landmarks
City
State
Population
World
Capital
Continent
Flags
Europe
Africa
Asia
South America
North America
Oceania
Border
Canada
United Kingdom
Topography
United States
Geography
Country
Landmarks
City
State
Population
World
Capital
Continent
Flags
Europe
Africa
Asia
South America
North America
Oceania
Border
Canada
United Kingdom
Topography
United States
Random Quiz
Search Sporcle
×
Quiz Lab
Quiz Lab
Geography
Type in answers that appear in a list
Type in answers that appear in a list
Classic
Best Score? Go Orange.
The Royal Navy Stats
Can you name the ships currently serving with the Royal Navy?
By
LGF92
13m
65 Questions
597 Plays
597 Plays
597 Plays
Comments
Comments
Give Quiz Kudos
Give Quiz Kudos
-
- Ratings
hide this ad
Replay
Link that replays current quiz
Next Quiz
Link to next quiz in quiz playlist
You Got
0%
They Got
Avg Score
31%
Avg Friend Score
Upgrade to see
Score Distribution
Jump to the score distribution portion of the page
Score
0/65
Timer
13:00
0
Plays Today
Ship class
Ship name
% Correct
Aircraft carrier
HMS Ark Royal
80.9%
Aircraft carrier
HMS Illustrious
77.4%
Aircraft carrier
HMS Invincible
72.4%
Albion-
class platform dock
HMS Albion
70%
Assault ship
HMS Ocean
67.5%
Vanguard-
class submarine
HMS Vanguard
65%
Type 45 destroyer
HMS Daring
61.6%
Type 42 destroyer
HMS Manchester
59.8%
Type 42 destroyer
HMS Liverpool
59.5%
Albion-
class platform dock
HMS Bulwark
57.3%
Type 45 destroyer
HMS Dauntless
55.9%
Type 23 frigate
HMS Iron Duke
54.4%
Type 42 destroyer
HMS Edinburgh
50.4%
Type 42 destroyer
HMS York
46.2%
Type 23 frigate
HMS Westminster
42.4%
Echo-
class surveyor
HMS Echo
41.5%
Type 23 frigate
HMS Kent
40.4%
Vanguard-
class submarine
HMS Victorious
39.7%
Type 22 frigate
HMS Cornwall
37.4%
River-
class patrol ship
HMS Severn
35.3%
Type 42 destroyer
HMS Gloucester
34.8%
Type 23 frigate
HMS Argyll
34.5%
Antarctic patrol ship
HMS Endurance
34.2%
River-
class patrol ship
HMS Tyne
33.8%
Type 23 frigate
HMS Lancaster
33.5%
Type 23 frigate
HMS Monmouth
33.2%
Type 23 frigate
HMS St Albans
32.8%
Vanguard-
class submarine
HMS Vengeance
32.5%
Type 23 frigate
HMS Northumberland
32.3%
Type 23 frigate
HMS Somerset
31.8%
Vanguard-
class submarine
HMS Vigilant
31.8%
River-
class patrol ship
HMS Clyde
31.8%
River-
class patrol ship
HMS Mersey
31.3%
Ship class
Ship name
% Correct
Type 22 frigate
HMS Cumberland
30.3%
Type 23 frigate
HMS Montrose
30%
Type 23 frigate
HMS Sutherland
28.5%
Type 23 frigate
HMS Portland
26.5%
Trafalgar-
class submarine
HMS Torbay
26.3%
Trafalgar-
class submarine
HMS Tireless
25.6%
Type 22 frigate
HMS Chatham
25.3%
Trafalgar-
class submarine
HMS Turbulent
24.3%
Trafalgar-
class submarine
HMS Triumph
24.1%
Type 23 frigate
HMS Richmond
24%
Ocean surveyor
HMS Scott
22.4%
Trafalgar-
class submarine
HMS Trenchant
20.1%
Trafalgar-
class submarine
HMS Talent
16.6%
Type 22 frigate
HMS Campbeltown
16.4%
Hunt-
class minesweeper
HMS Quorn
14.6%
Sandown-
class minesweeper
HMS Bangor
13.6%
Sandown-
class minesweeper
HMS Grimsby
13.4%
Hunt-
class minesweeper
HMS Middleton
12.9%
Sandown-
class minesweeper
HMS Pembroke
12.1%
Sandown-
class minesweeper
HMS Blyth
11.7%
Hunt-
class minesweeper
HMS Cattistock
11.6%
Sandown-
class minesweeper
HMS Penzance
10.4%
Hunt-
class minesweeper
HMS Brocklesby
10.4%
Swiftsure-
class submarine
HMS Sceptre
10.2%
Hunt-
class minesweeper
HMS Hurworth
10.1%
Hunt-
class minesweeper
HMS Chiddingfold
9.9%
Sandown-
class minesweeper
HMS Shoreham
9.7%
Sandown-
class minesweeper
HMS Ramsey
9%
Hunt-
class minesweeper
HMS Ledbury
8%
Hunt-
class minesweeper
HMS Atherstone
7.4%
Sandown-
class minesweeper
HMS Walney
5.2%
Echo-
class surveyor
HMS Enterprise
3.9%
Quiz Playlist
Details
Report
Send in Message
Add To Playlist
Classic:
Type in answers that appear in a list
Quiz Source
Last Updated: Feb 16, 2017
Quiz Scoreboard
CHALLENGE
Sign Up to Join the Scoreboard
Show All
Scores
Hide
Comments
May contain spoilers
Recently Published
1-10 Letter E Words III
by El_Dandy
Language
2m
One Thing in Common: World Cities II
by knightlancer
Geography
7m
Popular People in 1961
by mucciniale
History
6m
More to Explore
Quiz From the Vault
Featured Blog Post
Where Did the Easter Bunny Come From?
hide this ad
You Might Also Like...
Tags
This quiz does not have any tags.
Today's Top Quizzes in Geography
Browse Geography
hide this ad
Top Contributed Quizzes in Geography
1
Countries of the World - No Outlines Minefield
2
Top 25 Cities of France on a map
3
Closest Countries to UK A-Z
4
African Flag Reveal XLV
5
Blind Ultimate Minefield: USA
6
One Thing in Common: United Kingdom
7
Blind Secret Country CLXXXVIII
8
One Thing in Common: Asia
9
Find the US States - No Outlines
10
One Thing in Common: Geography
Explore More
Trending Topics
Anime
Disney
NBA
Crossword
Harry Potter
Marvel
Kpop
NFL
Puzzle
Song
Country
Soccer
Pokémon
The Office
WWE
hide this ad
More By:
LGF92
Quiz
Plays
Rating
Category
Featured
Created
Abbreviations in the UK
6,262
4.61
Geography
Sep 11, 2010
UK Cities 1891
4,032
4.52
Geography
Aug 14, 2010
British Snacks: A History
681
4.60
History
Dec 22, 2010
The Royal Navy
597
5.00
Geography
Sep 1, 2010
World Cities: Different Languages
492
4.44
Geography
Dec 21, 2010
Go to Creator's Profile
Score Distribution
Quiz Creator Spotlight
LGF92
Follow
Send a Message
Quizzes Created
-
Created Quiz Play Count
-
More By This Creator
Popular Quizzes Today
1
Find the US States - No Outlines Minefield
2
Find the Countries of Europe - No Outlines Minefield
3
The Countries of the World
4
Popular People in 1961
5
1-10 Letter E Words III
6
Find the US States
7
One Thing in Common: World Cities II
8
US States
More Geography Quizzes
Ultimate Geography Challenge 'M'
Published
Trending Quizzes
Risky Map Clicking: Least Populous States A-Z
1-10 Letter F Words
1-10 Letter G Words
One Thing in Common: United Kingdom
Risky Map Clicking: Biggest States A-Z
Recently Updated
Leaping Animals
pecheneg
Reality TV Shows (A-Z)
bhenderson79
Rickey Henderson's Hall of Fame Teammates
pecheneg
Champions League XIs: Arsenal
pecheneg
Quick Pick: Celebrities in WWE's Hall of Fame
aduchscher
A-Z Keypad Blitz II
pecheneg
Multiple Oscar Actors
pecheneg
Mystery Phrase Blitz: Oscar 'Best Actors'
pecheneg
F. Scott Fitzgerald Novels
LTH
Pick 3 Villains
ddd62291
Trending Topics
Marvel
NBA
Kpop
Harry Potter
Disney
Crossword
Anime
NFL
Puzzle
Country
Song
The Office
WWE
Pokémon
Soccer
Your Account Isn't Verified!
In order to create a playlist on Sporcle, you need to verify the email address you used during registration. Go to your
Sporcle Settings
to finish the process.
Report this User
Report this user for behavior that violates our
Community Guidelines
.
Details:
Send Report
Go to the Sporcle.com Mobile Site →
Comments